000 00760nac a22002051u 4500
010 _a95016922
020 _a0070066183 (acid-free paper)
020 _a0074635298
082 0 0 _a006.3
_bB7431
090 _c641
_d641
100 _aBose, N. K.
245 1 0 _aNeural network fundamentals with graphs, algorithms, and applications /
_cN.K. Bose, P. Liang.
260 _aNew Delhi :
_bMcGraw-Hill,
_cc1998.
300 _axxxiii, 478 p. :
_bill. ;
_c25 cm.
500 _aIncludes index.
650 0 _aNeural networks (Computer science)
700 1 _aLiang, Ping,
_d1958-
942 _cBB
_k006.3B7431
999 _c641
_d641